|
|
|
|
| LEADER |
01145nam a22003017a 4500 |
| 001 |
38992 |
| 003 |
BD-DhAAL |
| 008 |
220622t2008 nyu| b |||1 0|eng d |
| 999 |
|
|
|c 44441
|d 44441
|
| 020 |
|
|
|a 9780387728285
|
| 020 |
|
|
|a 9780387728315 (eBook)
|
| 040 |
|
|
|a BD-DhAAL
|c BD-DhAAL
|
| 082 |
|
|
|a 512.5
|2 23
|
| 100 |
|
|
|a Roman, Steven.
|e author.
|9 49593
|
| 245 |
|
|
|a Advanced Linear Algebra /
|c Steven Roman.
|
| 250 |
|
|
|a Third edition.
|
| 264 |
|
|
|a New York, NY :
|b Springer,
|c c2008.
|
| 300 |
|
|
|a xviii, 522 pages :
|b illustrations ;
|c 23 cm.
|
| 490 |
|
|
|a Graduate texts in mathematics ;
|v 135.
|
| 504 |
|
|
|a Includes bibliographical references and index.
|
| 526 |
|
|
|a MNS
|
| 541 |
|
|
|a Book Finder International
|e 38992
|
| 650 |
|
|
|a Matrix theory.
|9 49594
|
| 650 |
|
|
|a Mathematics.
|9 49595
|
| 830 |
|
|
|a Graduate texts in mathematics ; 135.
|9 49596
|
| 852 |
|
|
|a Ayesha Abed Library
|c General Stacks
|
| 942 |
|
|
|2 ddc
|c BK
|
| 952 |
|
|
|0 0
|1 0
|2 ddc
|4 0
|6 512_500000000000000_ROM
|7 0
|9 71068
|a BRACUL
|b BRACUL
|c GEN
|d 2022-06-19
|e Book Finder International
|g 3641.08
|l 4
|m 54
|o 512.5 ROM
|p 3010038992
|q 2026-06-02
|r 2026-05-06
|s 2026-05-06
|t 1
|v 3641.08
|w 2022-06-19
|y BK
|